Skip to content
VuFind
語言
English
Deutsch
Español
Français
Italiano
日本語
Nederlands
Português
Português (Brasil)
中文(简体)
中文(繁體)
Türkçe
עברית
Gaeilge
Cymraeg
Ελληνικά
Català
Euskara
Русский
Čeština
Suomi
Svenska
polski
Dansk
slovenščina
اللغة العربية
বাংলা
Galego
Tiếng Việt
Hrvatski
हिंदी
全文檢索
題名
作者
主題
索引號
ISBN/ISSN
標簽
檢索
高級檢索
Reset Filters
主題建議:
BASIC BIOPHYSICS FOR BIOLOGIST
Reset Filters
Show filters (1)
主題建議:
BASIC BIOPHYSICS FOR BIOLOGIST
檢索
physics oh climate
引用
推薦此
打印
導出紀錄
導出到 RefWorks
導出到 EndNoteWeb
導出到 EndNote
permanent_link
載入...
physics oh climate
書目詳細資料
語言:
English
持有資料
實物特徵
相似書籍
職員瀏覽
LEADER
00194nam a22000857a 4500
005
20151028162333.0
008
091008t xxu||||| |||| 00| 0 eng d
245
|a
physics oh climate
942
|c
BK
|6
_
999
|c
80181
|d
80181
相似書籍
Oh America
由: Sinha, Daya Prakash
出版: (2005)
Oh Mouname..../
由: Abraham Mathew
出版: (2018)
Oh mampazhame ! /
由: Kalkipseud, Ie R. Krishnanmoort
出版: (1968)
Oh!to be in England /
由: Bates, He
出版: (1963)
Oh! to be in England/
由: Bates, H. E.
出版: (1964)
載入...